01323 2200565 4500001002100000008004100021035002000062245005300082100001400135250000600149260003000155300002500185020002200210084001400232082000800246650000800254990001500262990001500277990001500292990001500307990001500322990001500337990001500352990001500367990001500382990001500397990001500412990001500427990001500442990001500457990001500472990001500487990001500502990001500517990001500532990001500547990001500562990001500577990001500592990001500607990001500622990001500637990001500652990001500667990001500682990001500697990001500712990001500727990001500742INLIS000000000003479 ind  a0010-0526000102 aX-Press TKA Matematika Tingkat LanjutcM. Ikhwan aM. Ikhwan a1 aJakarta :bErlanggac2025 a99 hlmc21 x 25.5 cm a978-623-522-776-4 a510 IKH x a510 aTKA a20296/B/26 a20297/B/26 a20298/B/26 a20299/B/26 a20300/B/26 a20301/B/26 a20302/B/26 a20303/B/26 a20304/B/26 a20305/B/26 a20306/B/26 a20307/B/26 a20308/B/26 a20309/B/26 a20310/B/26 a20311/B/26 a20312/B/26 a20313/B/26 a20314/B/26 a20315/B/26 a20316/B/26 a20317/B/26 a20318/B/26 a20319/B/26 a20320/B/26 a20321/B/26 a20322/B/26 a20323/B/26 a20324/B/26 a20325/B/26 a20326/B/26 a20327/B/26 a20328/B/26